<?xml version="1.0" encoding="UTF-8"?><?xml-stylesheet type="text/xsl" href="static/style.xsl"?><OAI-PMH xmlns="http://www.openarchives.org/OAI/2.0/" xmlns:xsi="http://www.w3.org/2001/XMLSchema-instance" xsi:schemaLocation="http://www.openarchives.org/OAI/2.0/ http://www.openarchives.org/OAI/2.0/OAI-PMH.xsd"><responseDate>2026-06-07T04:18:35Z</responseDate><request verb="GetRecord" identifier="oai:docta.ucm.es:20.500.14352/115166" metadataPrefix="marc">https://docta.ucm.es/rest/oai/request</request><GetRecord><record><header><identifier>oai:docta.ucm.es:20.500.14352/115166</identifier><datestamp>2025-03-18T13:04:15Z</datestamp><setSpec>com_20.500.14352_1</setSpec><setSpec>col_20.500.14352_5</setSpec></header><metadata><record xmlns="http://www.loc.gov/MARC21/slim" xmlns:dcterms="http://purl.org/dc/terms/" xmlns:xsi="http://www.w3.org/2001/XMLSchema-instance" xmlns:doc="http://www.lyncode.com/xoai" xsi:schemaLocation="http://www.loc.gov/MARC21/slim http://www.loc.gov/standards/marcxml/schema/MARC21slim.xsd">
   <leader>00925njm 22002777a 4500</leader>
   <datafield ind2=" " ind1=" " tag="042">
      <subfield code="a">dc</subfield>
   </datafield>
   <datafield ind2=" " ind1=" " tag="720">
      <subfield code="a">Reyes Sánchez, Francisco Jaime</subfield>
      <subfield code="e">author</subfield>
   </datafield>
   <datafield ind2=" " ind1=" " tag="720">
      <subfield code="a">Caraballo López, Pablo</subfield>
      <subfield code="e">author</subfield>
   </datafield>
   <datafield ind2=" " ind1=" " tag="720">
      <subfield code="a">Chang Martínez, Ramón Ernesto</subfield>
      <subfield code="e">author</subfield>
   </datafield>
   <datafield ind2=" " ind1=" " tag="720">
      <subfield code="a">Cruzado Moreno, Raquel</subfield>
      <subfield code="e">author</subfield>
   </datafield>
   <datafield ind2=" " ind1=" " tag="720">
      <subfield code="a">Mingote Dueñas, Alberto</subfield>
      <subfield code="e">author</subfield>
   </datafield>
   <datafield ind2=" " ind1=" " tag="720">
      <subfield code="a">García Crego, Juan</subfield>
      <subfield code="e">author</subfield>
   </datafield>
   <datafield ind2=" " ind1=" " tag="720">
      <subfield code="a">Mínguez Arranz, Norberto</subfield>
      <subfield code="e">author</subfield>
   </datafield>
   <datafield ind2=" " ind1=" " tag="720">
      <subfield code="a">Pascual Sánchez, Eva</subfield>
      <subfield code="e">author</subfield>
   </datafield>
   <datafield ind2=" " ind1=" " tag="720">
      <subfield code="a">Santamaría Peláez, Alba</subfield>
      <subfield code="e">author</subfield>
   </datafield>
   <datafield ind2=" " ind1=" " tag="260">
      <subfield code="c">2024-07-03</subfield>
   </datafield>
   <datafield ind2=" " ind1=" " tag="520">
      <subfield code="a">Se trata de crear un proyecto de Innovación Docente en el que, tanto profesores, como alumnos, recopilarán
información e imágenes sobre los primeros años de historia del graffiti. En España a través de la figura de Muelle.
Proponemos la realización del primer documental sobre la vida de Juan Carlos Argüello “Muelle”. Pionero del graffiti en
España y uno de los cuatro grandes junto a Bleck la rata, Tifón y Glub. El documental trata sobre la trayectoria y lo
humano del personaje, a través de las declaraciones de quienes le conocieron y admiraron. Las imágenes que lo
acompañan (inéditas) hacen muy especial este trabajo audiovisual, que muestra por vez primera todo el material que ha estado oculto por decisión de su familia
durante más de 25 años.
Juan Carlos Argüello “Muelle” fue el primer grafitero español, un icono de la movida madrileña y el artista urbano más
importante de nuestro país.
Tristemente fallecido en 1995 a los 29 años de edad, se cumplen en el mes de junio, 27 años de su muerte, y creemos
que es el momento de hacer un merecido homenaje en forma de documental.</subfield>
   </datafield>
   <datafield ind1="8" ind2=" " tag="024">
      <subfield code="a">https://hdl.handle.net/20.500.14352/115166</subfield>
   </datafield>
   <datafield ind1="8" ind2=" " tag="024">
      <subfield code="a">https://muelleart.com/</subfield>
   </datafield>
   <datafield ind1="8" ind2=" " tag="024">
      <subfield code="a">419</subfield>
   </datafield>
   <datafield ind1="8" ind2=" " tag="024">
      <subfield code="a">https://www.cultura.gob.es/mnantropologia/actividades/agenda/2022/exposicionestemporales/grafiti.html</subfield>
   </datafield>
   <datafield ind2="0" ind1="0" tag="245">
      <subfield code="a">Pioneros del graffiti. Investigación sobre el origen del arte urbano. Segunda parada: Muelle, el primer grafitero español (parte II)</subfield>
   </datafield>
</record></metadata></record></GetRecord></OAI-PMH>